000 00855caa a22002417a 4500
999 _c408744
_d408744
001 122405
003 UA-OsUOA
005 20191027133003.0
007 ta
008 20170426b un ||||| |||| 00| 0 ukr d
040 _aUA-OsUOA
_brus
_cUA-OsUOA
_dUA-OsUOA
041 _arus
080 _a908
090 _a908
_bШ83
100 _aШпізель Р. С.
245 _aАкадемик Ф. Г. Яновский и Острог
_cР. С. Шпізель
300 _aС. 234-237
650 7 _a908 Краєзнавство
_2UDC
773 0 _0331088
_9355474
_dОстрог 1996
_o104077
_tМатеріали 6-ої Острізької конференції "Остріг на порозі 900-річчя" 1995 рік
_w(UA-OsUOA) 44978
942 _cBKA
_2udc
955 _a1